Islands of Indonesia (Picture Click) Quiz Stats

 Plays Quiz not verified by Sporcle

Support Sporcle.
Go Orange.
Score 0/20 Timer 10:00
0 Plays Today
% Correct
New Guinea (Irian|Papua)
95.2%
Kalimantan
(Borneo)
95%
Sumatra
92.9%
Timor
91.8%
Java
91.6%
Sulawesi
89.9%
Bali
74.3%
Halmahera
63.1%
Lombok
60.8%
Flores
59.4%
% Correct
Seram
57.8%
Sumba
55.7%
Buru
54.4%
Bangka
53.8%
Sumbawa
53.1%
Yos Sudarso
52.3%
Nias
51.2%
Belitung
50.4%
Madura
46.9%
Buton
40.8%

You're not logged in!

Compare scores with friends on all Sporcle quizzes.
OR
Log In

From the Vault

Trivia Pyramid: Theatre

by Purple_Parrot

Imagine if every actor for the next ten years just wore a big cardboard pyramid.
Remove Ads.
Support Sporcle.
Get the best of Sporcle when you Go Orange. This ad-free experience offers more features, more stats, and more fun while also helping to support Sporcle. Thank you for becoming a member.

Show Comments

Extras

Top Quizzes Today


Score Distribution

Your Account Isn't Verified!

In order to create a playlist on Sporcle, you need to verify the email address you used during registration. Go to your Sporcle Settings to finish the process.

Report this User

Report this user for behavior that violates our Community Guidelines.

Details: